Les hôtels au cinéma - Statistiques

Statistiques générales
  • Ce quiz a été pris 1 074 fois
  • Le résultat moyen est 7 sur 12
Statistiques - réponses
Par images Réponse % Correct
Shining
96%
Inception
88%
Psychose
76%
Hôtel Transylvanie
74%
The Grand Budapest Hotel
70%
Mission Impossible : Protocole Fantôme
66%
No Country For Old Men
48%
Lost in Translation
46%
Casino Royale
44%
Ready Player One
40%
Delicatessen
22%
Hôtel du Nord
10%
Aucun quiz correspondant
Distribution des résultats
% des personnes avec chaque résultat
Percentile par nombre de réponses
Votre historique - résultats
Vous n’avez pas pris ce quiz